El vendaje funcional

Tallennettuna:
Bibliografiset tiedot
Päätekijä: Bové, Toni (Tekijä)
Aineistotyyppi: Kirja
Kieli:espanja
Julkaistu: Madrid Harcourt 2000
Painos:3a. ed
Aiheet:
Tagit: Lisää tagi
Ei tageja, Lisää ensimmäinen tagi!

MARC

LEADER 00000nam a2200000 a 4500
001 UCL6430
003 CL-VaPUC
008 040402e20000000SP |||||||||||||||||spa|d
020 |a 8481744778 
082 0 4 |a 617.102  |b BOV  |2 21 
100 0 |a Bové, Toni  |e author  |9 484132 
245 1 3 |a El vendaje funcional 
250 |a 3a. ed 
300 |a 106 p 
942 |c BK 
945 |d 20040402 00:00:00  |a cmena 
260 |a Madrid  |b Harcourt  |c 2000 
650 0 |a Vendajes  |9 370907 
650 0 |a Atención médica  |9 337119 
650 0 |a Primeros auxilios  |9 308210 
583 |a last modification  |c 20040402 00:00:00  |k Rodrigo Vera 
999 |c 308538  |d 308536 
952 |0 0  |1 0  |4 0  |6 617_102000000000000_BOV_2000  |7 0  |8 A  |9 375137  |a BIBCUR  |b BIBCUR  |d 2019-11-21  |i 4003292  |o 617.102 BOV 2000  |p 4003292  |r 2025-04-22  |w 2019-11-21  |y BK  |k KIN 
952 |0 0  |1 0  |4 0  |6 617_102000000000000_BOV_2000  |7 0  |8 A  |9 375138  |a BIBCUR  |b BIBCUR  |d 2019-11-21  |i 4003306  |o 617.102 BOV 2000  |p 4003306  |r 2025-04-22  |w 2019-11-21  |y BK  |k KIN 
952 |0 0  |1 0  |4 0  |6 617_102000000000000_BOV_2000  |7 0  |8 A  |9 375139  |a BIBCUR  |b BIBCUR  |d 2019-11-21  |i 1087398  |o 617.102 BOV 2000  |p 1087398  |r 2025-04-22  |w 2019-11-21  |y BK  |k KIN